000 00317nam a2200121 a 4500
005 20140414093846.0
008 100218s19uu xx uuu eng d
050 _aCDB 005
_bTEC 2008
245 _atechFactors :
_bVideo production, Teacher's CD.
650 _aComputer programming.
942 _cAVM
999 _c109609
_d109609